Visión integrada del organismo humano /

Los cambios de métodos en el diagnóstico médico a través de la historia. La revisación clínica, el estetoscopio, los análisis clínicos, radiografías y otros métodos de diagnóstico por imágenes no invasivos.

Guardado en:
Autor Principal: Chiesa, Mariano
Autor Corporativo: Canal Encuentro.
Formato: Deslizar
Publicado: Argentina, 2011
Series:Horizontes. Ciencias Naturales
Materias:
Acceso en línea:https://www.educ.ar/recursos/50708/vision-integrada-del-organismo-humano
Etiquetas: Agregar Etiqueta
Sin Etiquetas, Sea el primero en etiquetar este registro!
LEADER 01172ngm a22003015g 4500
001 CEM.cems023644
008 130507s2011##################0###0#####d
005 20250618155755.0
245 1 0 |a Visión integrada del organismo humano /  |c Mariano Chiesa. 
260 |a Argentina,  |c 2011 
300 |a 26'. 
490 0 |a Horizontes. Ciencias Naturales 
520 |a Los cambios de métodos en el diagnóstico médico a través de la historia. La revisación clínica, el estetoscopio, los análisis clínicos, radiografías y otros métodos de diagnóstico por imágenes no invasivos. 
538 |a Soporte: DVD - Color: Si - Grabación DRD 
500 |a Consultar en ventanilla. 
100 1 |a Chiesa, Mariano 
710 2 |a Canal Encuentro. 
082 5 0 |/ CHI-1 
653 |a CIENCIAS NATURALES 
653 |a MEDICINA 
653 |a DIGNOSTICO MEDICO 
653 |a ENFERMEDADES 
653 |a MEDICINA CLINICA 
653 |a ANALISIS CLINICO 
653 |a CIENCIAS MEDICAS 
653 |a SERIE DE TELEVISIÓN 
856 |u https://www.educ.ar/recursos/50708/vision-integrada-del-organismo-humano 
859 |a CEMS  |b BIB. CEMS - Depto. Recursos Didacticos  |h 500  |i CHI-1  |k DRD  |p 2287.15  |t Ej.1